000 00295nam a2200109Ia 4500
008 190914s9999||||xx |||||||||||||| ||und||
100 _aHafiz Basheer Ahmed
245 0 _aKitaab w Sunat Ki Roshni main Jadeed Science
260 _aKarachi
_bIdarahai Kutub Hafiz
_c2004
300 _a352
942 _cBK
999 _c9434
_d9434